000 00862nmm a2200277 a 4500
001 ocm0001232095
003 TR-IsHL
005 20201028155907.0
008 150709s2010 tu tur
007 cr cn
020 _a9789944742191
035 _a1232095
_b(N$T)
050 0 4 _aPL248.Y453
_bY33 2010
090 0 4 _aPL248.Y453
_bY33 2010
100 1 _aYıldırım, Mehmet
245 1 0 _aYabani kurtlar
_h[electronic resource] /
_cMehmet Yıldırım
250 _a1. bs.
260 _aİstanbul :
_bArı Sanat Yayınları,
_c2010
300 _a150 p.
650 4 _aDil ve Edebiyat
650 4 _aLanguage and Literature
650 0 _aTürk Romanı
650 0 _aTurkish Fiction
650 7 _aLITERARY COLLECTIONS / Middle Eastern
_2bisacsh
856 4 0 _uhttp://search.ebscohost.com/login.aspx?direct=true&scope=site&db=e011xww&AN=1232095
999 _c13319
_d13319